| 000 | 01295nac a22003737a 4500 | ||
|---|---|---|---|
| 001 | BR8201380 | ||
| 003 | BR-BrBNA | ||
| 005 | 20240105115251.0 | ||
| 008 | 230509b bl.|||m| |||| 00| 0 por d | ||
| 040 |
_aBR-BrBNA _bpor _cBiblioteca Nacional de Agricultura |
||
| 072 | _aL30 | ||
| 090 | _a5300 BR8201380 | ||
| 100 | 1 | _aFialho, E.T. | |
| 100 | 1 | _aGomes, P.C. | |
| 100 | 1 | _aFerreira, A.S. | |
| 100 | 1 | _aProtas, J.F. | |
| 100 | 1 | _aFreitas, A.R. de | |
| 110 | 1 | _aCentro Nacional de Pesquisa de Suinos e Aves, Concordia, SC (Brasil) | |
| 245 | 1 | _aFarinha de pena e visceras hidrolisadas em racoes de suinos [Sus domesticus; Proteina; Digestibilidade; Valor nutritivo] | |
| 246 | 1 | _aFeather flour and hydrolyzed viscera in swine feed [Sus domesticus; Protein; Digestibility; Nutritious value]] | |
| 260 | 3 |
_aConcordia, SC (Brasil): _c1982. |
|
| 300 | _a3 p. | ||
| 490 |
_aComunicado Tecnico - Centro Nacional de Pesquisa de Suinos e Aves (Brazil) _vno. 35 _xISSN 0100-8862 |
||
| 650 | _aNutricao animal | ||
| 650 | _aSuino | ||
| 650 | _aFarinha de pena | ||
| 650 | _aViscera hidrolisada | ||
| 650 | _aRacao | ||
| 650 | _aProteina | ||
| 650 | _aDigestibilidade | ||
| 650 | _aValor nutritivo | ||
| 909 |
_a202312 _bLúcia Elande _c55 _dLúcia Elande |
||
| 942 |
_2AGRIS _n0 _cMS |
||
| 999 |
_c273972 _d273972 |
||